00884nam a2200241Ia 4500003000400000005001700004008004100021020002200062040000700084041000800091082002500099100004700124245008800171260004500259300001900304365001300323440000600336650003200342906009700374942001200471999001900483952014000502OSt20230324133845.0210423s2017 xx 000 0 und d a978-0-19-946515-6 cAL aeng a894.81208 223bRAVO aRAVEENDRAN (P P);JAYASREE (G S) Eds977476 aOxford India anthology of modern malayalam literature: poetry drama and prose Vol 1 aNew DelhibOxford University Pressc2017 axxviii,515bPB b875cINR v1 aDravidian Literature977477 aanthology ; drama ; India ; literature: ; malayalam ; modern ; Oxford ; poetry ; prose ; Vol 2ddccBK c168815d168815 001040708MAENGaSACPGbSACPGd2017-10-11eIntact Bookhouseg875.00l0o894.81208 RAVOpPG015317r2022-08-24 00:00:00w2021-04-26yBK